Paroles - Confinés - Joyca - Statistiques

Statistiques générales
  • Ce quiz a été pris 14 fois
  • Le résultat moyen est 281 sur 417
Statistiques - réponses
Hint % Correct
92%
92%
92%
92%
92%
92%
92%
92%
83%
83%
83%
83%
83%
83%
83%
83%
83%
83%
83%
83%
83%
75%
75%
75%
75%
75%
75%
75%
Paroles
75%
75%
75%
75%
75%
75%
75%
Paroles
75%
75%
75%
75%
75%
75%
75%
75%
75%
75%
75%
75%
75%
75%
75%
75%
75%
75%
75%
75%
75%
75%
75%
75%
67%
67%
67%
67%
67%
67%
67%
67%
67%
67%
67%
67%
67%
67%
67%
67%
67%
67%
67%
67%
67%
67%
67%
67%
67%
67%
67%
67%
67%
67%
67%
67%
67%
67%
58%
58%
58%
58%
Refrain
58%
58%
58%
58%
58%
58%
58%
58%
58%
58%
58%
58%
58%
58%
58%
58%
58%
58%
58%
58%
58%
58%
58%
58%
58%
50%
50%
50%
50%
50%
50%
50%
50%
50%
50%
50%
50%
50%
50%
50%
50%
50%
50%
50%
50%
50%
50%
50%
50%
42%
42%
42%
42%
42%
42%
42%
42%
42%
42%
42%
42%
42%
42%
42%
42%
42%
42%
42%
42%
42%
42%
42%
42%
42%
42%
42%
33%
33%
33%
33%
33%
paroles
33%
33%
33%
33%
33%
33%
33%
33%
33%
33%
33%
33%
33%
33%
33%
25%
25%
17%
0%
0%
0%
Aucun quiz correspondant
Distribution des résultats
% des personnes avec chaque résultat
Percentile par nombre de réponses
Votre historique - résultats
Vous n’avez pas pris ce quiz